International marketing. / (Record no. 799)

MARC details
000 -LEADER
fixed length control field 01926pam a2200289 a 4500
001 - CONTROL NUMBER
control field 614951
005 - DATE AND TIME OF LATEST TRANSACTION
control field 20210414113932.0
008 - FIXED-LENGTH DATA ELEMENTS--GENERAL INFORMATION
fixed length control field 920430s1993 iluab b 001 0 eng
010 ## - LIBRARY OF CONGRESS CONTROL NUMBER
LC control number 92016448
020 ## - INTERNATIONAL STANDARD BOOK NUMBER
International Standard Book Number 0256105138
040 ## - CATALOGING SOURCE
Original cataloging agency DLC
Transcribing agency DLC
Modifying agency DLC
050 00 - LIBRARY OF CONGRESS CALL NUMBER
Classification number HF1009.5.C35
082 00 - DEWEY DECIMAL CLASSIFICATION NUMBER
Classification number 658.8/48
Edition number 20
100 1# - MAIN ENTRY--PERSONAL NAME
Personal name Cateora, Philip R.
245 10 - TITLE STATEMENT
Title International marketing. /
Statement of responsibility, etc. Philip R. Cateora.
250 ## - EDITION STATEMENT
Edition statement 8th ed.
260 ## - PUBLICATION, DISTRIBUTION, ETC.
Place of publication, distribution, etc. Homewood, IL :
Name of publisher, distributor, etc. Irwin,
Date of publication, distribution, etc. c1993.
300 ## - PHYSICAL DESCRIPTION
Extent xxiv, 776 p. :
Other physical details ill. (some col.), maps ;
Dimensions 24 cm.
440 #4 - SERIES STATEMENT/ADDED ENTRY--TITLE
Title The Irwin series in marketing
504 ## - BIBLIOGRAPHY, ETC. NOTE
Bibliography, etc. note Includes bibliographical references and indexes.
505 ## - FORMATTED CONTENTS NOTE
Formatted contents note Contents: An Overview: The Scope and challenges of global marketing -- Global business environment -- The Cultural environment: Geography and history - the foundation of cultural understanding -- Cultural dynamics in assessing global markets -- Business customs and practices in global marketing -- Political environment - a critical issue -- The International legal environment -- Developing markets and market behaviour -- Multinational market regions and market groups -- Global marketing management: Global marketing management- planning and organization -- Researching global markets -- Developing consumer products for global markets -- Marketing industrial products and business services -- International distribution system -- Export trade mechanics and logistics -- The Global advertising and promotion effort -- Personal selling and personnel management -- Pricing for international markets -- Corporate context of marketing: Financial requirements for global marketing.
650 #0 - SUBJECT ADDED ENTRY--TOPICAL TERM
Topical term or geographic name entry element Export marketing.
650 #0 - SUBJECT ADDED ENTRY--TOPICAL TERM
Topical term or geographic name entry element International business enterprises.
906 ## - LOCAL DATA ELEMENT F, LDF (RLIN)
a 7
b cbc
c orignew
d 1
e ocip
f 19
g y-gencatlg
942 ## - ADDED ENTRY ELEMENTS (KOHA)
Source of classification or shelving scheme Library of Congress Classification
Koha item type Books
Holdings
Withdrawn status Lost status Source of classification or shelving scheme Damaged status Not for loan Home library Current library Shelving location Date acquired Total Checkouts Full call number Barcode Date last seen Copy number Price effective from Koha item type
    Library of Congress Classification     WISCONSIN INTERNATIONAL UNIVERSITY COLLEGE, GHANA - MAIN LIBRARY WISCONSIN INTERNATIONAL UNIVERSITY COLLEGE, GHANA - MAIN LIBRARY General Stacks 30/04/2012   HF1009.5.C35 1998/12 30/04/2012 1 30/04/2012 Books

If you have any concerns or questions; kindly contact the library


© Powered by WIUC ICT DIRECTORATE